Theory of markets and price formation in the UK construction industry (Record no. 93462)

MARC details
000 -LEADER
fixed length control field 00635cam a2200241 4500
001 - CONTROL NUMBER
control field B3159
008 - FIXED-LENGTH DATA ELEMENTS--GENERAL INFORMATION
fixed length control field 090401t1990 xxu||||| |||| 00| 0 eng d
035 ## - SYSTEM CONTROL NUMBER
System control number (Sirsi) u54385
041 ## - LANGUAGE CODE
Language code of text/sound track or separate title eng
050 ## - LIBRARY OF CONGRESS CALL NUMBER
Classification number 338.4369
100 ## - MAIN ENTRY--PERSONAL NAME
Personal name Hancock, M.R.
245 ## - TITLE STATEMENT
Title Theory of markets and price formation in the UK construction industry
260 ## - PUBLICATION, DISTRIBUTION, ETC.
Place of publication, distribution, etc. Ascot,Berks
Name of publisher, distributor, etc. Chartered Institute of Building
Date of publication, distribution, etc. 1990
300 ## - PHYSICAL DESCRIPTION
Extent 7p. ; 30cm.
350 ## - PRICE (NR) (BK AM CF MU VM SE) [OBSOLETE]
Price 3
490 ## - SERIES STATEMENT
Series statement Technical Information Service
Volume/sequential designation 116
650 ## - SUBJECT ADDED ENTRY--TOPICAL TERM
Topical term or geographic name entry element BUILDING INDUSTRY
650 ## - SUBJECT ADDED ENTRY--TOPICAL TERM
Topical term or geographic name entry element ESTIMATING
650 ## - SUBJECT ADDED ENTRY--TOPICAL TERM
Topical term or geographic name entry element MARKETS
650 ## - SUBJECT ADDED ENTRY--TOPICAL TERM
Topical term or geographic name entry element PRICES
942 ## - ADDED ENTRY ELEMENTS (KOHA)
Suppress in OPAC 0
948 ## - LOCAL PROCESSING INFORMATION (OCLC); SERIES PART DESIGNATOR (RLIN)
c (OCLC) 04/03/1997
Holdings
Withdrawn status Lost status Source of classification or shelving scheme Damaged status Not for loan Home library Current library Shelving location Date acquired Cost, normal purchase price Total Checkouts Full call number Barcode Date last seen Copy number Cost, replacement price Price effective from Koha item type
    Dewey Decimal Classification     London London Enquiry desk 11/12/1992 3.00   BOXED SET 30021892 06/08/2019 1 3.00 06/08/2019 Book